Our soils and their management.

Bibliographic Details
Main Author: Donahue, Roy L. (Roy Luther), 1908-1999
Format: Book
Language:English
Published: [Danville, Ill.] : [Interstate Printers and Publishers], 1955.
Subjects:

MARC

Tag First Indicator Second Indicator Subfields
LEADER 00000cam a2200000 4500
001 in00000051747
005 20200725063133.0
008 761001s1955 ilua 00000 eng
010 |a  55002502  
035 |a (OCoLC)02476724 
035 |9 AAF0741AM 
040 |a DLC  |c TOL  |d TXA  |d UtOrBLW 
049 |a TXAM  |c [280819] 
050 0 0 |a S591  |b .D65 
082 0 |a 631.4 
092 |a 631.4  |b D674o 
100 1 |a Donahue, Roy L.  |q (Roy Luther),  |d 1908-1999. 
245 1 0 |a Our soils and their management. 
264 1 |a [Danville, Ill.] :  |b [Interstate Printers and Publishers],  |c 1955. 
300 |a  446 pages :  |b illustrations ;  |c 24 cm. 
336 |a text  |b txt  |2 rdacontent 
337 |a unmediated  |b n  |2 rdamedia 
338 |a volume  |b nc  |2 rdacarrier 
650 0 |a Soils. 
999 |a MARS 
999 f f |s b99b8de2-80be-38a9-868b-7154ab896faf  |i 9dec3dca-bc23-316c-8230-ba84994a9fd3  |t 0 
952 f f |p ric  |a Texas A&M University  |b Rellis Campus  |c Joint Library Facility  |d Remote Storage  |t 0  |e S591 .D65  |h Library of Congress classification  |i unmediated -- volume  |m A14801063935 
998 f f |a S591 .D65  |t 0  |l Remote Storage